00493nam a2200121Ia 4500008004100000245018000041260003500221260000900256300000800265500001900273650001300292856006600305170516s9999 xx 000 0 und d aTopical non steroidal anti inflammatory drug (NSAIDs) microemulsions: Rationale, review and future prospective Vinod Singh, Hitesh Sharma, Ram Veerma, Athar Javed, Mamta Singh bAsian Journal of Pharmaceutics c2013 a7:1 aJuly-September xPharmacy uhttp://www.asiapharmaceutics.info/index.php/ajp/issue/view/16